header

The imprinted brain (Record no. 68659)

MARC details
000 -LEADER
fixed length control field 01211nam a2200301Ia 4500
100 1# - MAIN ENTRY--AUTHOR NAME
Personal name Badcock, C. R.
245 14 - TITLE STATEMENT
Title The imprinted brain
260 ## - PUBLICATION, DISTRIBUTION, ETC. (IMPRINT)
Place of publication Philadelphia :
Name of publisher Jessica Kingsley Publishers,
Year of publication c2009.
300 ## - PHYSICAL DESCRIPTION
Number of Pages 256 p.
650 #0 - SUBJECT ADDED ENTRY--TOPICAL TERM
Topical Term Autism
Topical Term Psychoses
Topical Term Genomic imprinting.
856 40 - ELECTRONIC LOCATION AND ACCESS
Uniform Resource Identifier http://site.ebrary.com/lib/rucke/Doc?id=10331367

No items available.

© 2026 Rongo University
Contact us: librarian | system librarian | Rongo university